| 000 | 00000nam 2200000za 4500 |
| 001 | 9.676566 |
| 003 | CaOODSP |
| 005 | 20250403105609 |
| 007 | cr ||||||||||| |
| 008 | 150407|1988||||xxc|||||o f|0| 0 fre d |
| 040 | |aCaOODSP|bfre |
| 041 | |aeng |
| 041 | |afre |
| 043 | |an-cn--- |
| 086 | 1 |aCS95-F0145/1988-PDF |
| 245 | 00|aTotalisations sommaires : langue, lieu de naissance, citoyenneté, immigration, revenu, ménage et caractéristiques des logements - Canada, provinces et territoires |h[ressource électronique] |
| 246 | 1 |iDeuxième titre de série imprimé sur la couverture : |aRecensement du Canada de 1986 - données recueillies auprès d'un échantillon de 20% des ménages |
| 260 | |aOttawa : |bStatistique Canada, |c1988. |
| 500 | |aPublication du recensement historique numérisé par Statistique Canada. |
| 590 | |a13-07-Supp|b2013-03-25 |
| 691 | 07|aDonnées du recensement|2gcpds |
| 691 | 07|aStatistiques démographiques|2gcpds |
| 710 | 2 |aStatistique Canada. |
| 791 | |tSummary tabulations of language, place of birth, citizenship, immigration, income, household and dwelling characteristics - Canada, provinces and territories |eeng|w(CaOODSP)9.676565 |
| 856 | 40|ahttp://publications.gc.ca|qPDF|s11627 Ko|uhttps://publications.gc.ca/collections/collection_2013/statcan/rh-hc/CS95-F0145-1988.pdf |